000 00504nam a22001697a 4500
005 20251108164251.0
008 250721s1996 xx 000 0 ara d
082 1 4 _a350.75/عبا
100 1 _aالعبادلة، إبراهيم إرشيد
245 1 0 _aإختصاص الأمن العام في المجالين الإداري و القضائي /
264 1 _aعمان :
_c1996.
300 _a262ص
650 1 7 _aالأمن العام
650 1 7 _aالشرطة
942 _2ddc
_cBK
999 _c7900
_d7900